Ekonomičeskije otnošenija i ekonomičeskoje soznanije

Guardado en:
Detalles Bibliográficos
Autor principal: Fofanov, Vladimir Pavlovič
Formato: Libro
Lenguaje:ruso
Publicado: Novosibirsk Nauka 1979
Etiquetas: Agregar Etiqueta
Sin Etiquetas, Sea el primero en etiquetar este registro!

MARC

LEADER 00000nam a2200000 4500
001 c141225
005 20041019155321.2
041 0 |a rus 
044 |a RU 
245 1 0 |a Ekonomičeskije otnošenija i ekonomičeskoje soznanije  |c Vladimir Pavlovič Fofanov 
264 1 |a Novosibirsk  |b Nauka  |c 1979 
300 |a 267 s. 
100 1 |a Fofanov, Vladimir Pavlovič